zpět

Detail výsledku týmu

Infinity c&c bar, Zlín

Datum a čas kvízu

31 Celkem bodů Celkový počet nahraných bodů na tomto kvízu bez doplňovacích otázek.
7. Pořadí na kvízu Konečné umístění týmu na tomto kvízu.

Zaznamenané odpovědi

# Otázka Odpověď Body Výsledky
1. Který hudebník narozený v roce... Vladimír Mišík 1
2. Jeden bývalý evropský premiér... Boris Johnson 0
3. Doplňte slovo do názvu časosbě... Havel 0
4. Kopřivnická Tatra představila... vodík 0
5. Fotbalisté Barcelony nastoupil... Rolling Stones. 0
6. Naše téma nezačneme v kurníku,... Fabergého vejce 1
7. Barvíte velikonoční vajíčka? T... 1B 2A 3D 4C 1
8. Která z vajec na obrázku snesl... B 1
9. Ze kterého animovaného filmu z... ze Slepičího úletu 1
10. Vyberte nepravdivé tvrzení. C 1